000
00204nam a2200097 4500
020
_a
9789380005225
082
_a
400
245
_a
The Autobiography of Benjamin Franklin
300
_a
184p
942
_2
ddc
_c
NOVEL
999
_c
991
_d
991